000 00737nam a2200229Ia 4500
001 15216
003 GE_BSU
008 181216s||||||||xx |||||||||||||| ||und||
040 _cGE_BSU
080 _a821.353.1-1
100 _aშენგელია,ალეკო
245 _aერთტომეული
245 _bლექსები
245 _cრედ.ნ.კანდელაკი. მხატვ.ო.ჯიშკარიანი
260 _aთბილისი
260 _bსაბჭოთა საქართველო
260 _c1969
300 _a433გვ.1ფ.პორტრ.22სმ.
653 _aერთტომეული
653 _aლექსები
942 _cBK
999 _c48328
_d48328